000 00494nam a2200181 i 4500
001 118006
003 ES-MaACL
005 20251121165512.0
007 t|
008 070214s1931 sp r ||||1| spa d
100 1 _aPereyra, Carlos,
_d1871-1942
_990541
245 1 0 _aHernán Cortés /
_cCarlos Pereyra.
260 _aMadrid :
_bJuan Pueyo,
_c1931.
300 _a438 p. ;
_c21 cm.
600 1 4 _aCortés, Hernán,
_d1485-1547
_940853
852 _aES-MaACL
_jA-633
999 _c118006
_d118006